000 00465cam a22001931 4500
001 sa 66007202
003 DLC
005 20260227112302.0
008 881028s1965 xx 000 0 beno
010 _asa 66007202
035 _a(OCoLC)23554180
040 _aDLC
_cMiU
_dDLC
042 _apremarc
050 0 0 _aPK1718.K29
_bJ3 1965
100 0 _aKanishka,
_d1925-
245 1 0 _aJagatseṭhera kāhinī.
260 _c[1965]
300 _a307, 11, 27 p.
_c22 cm.
999 _c71002
_d71002